| 000 | 00510nam a22001937a 4500 | ||
|---|---|---|---|
| 003 | OSt | ||
| 005 | 20140310181803.0 | ||
| 008 | 130704t xxu||||| |||| 00| 0 eng d | ||
| 020 | _a0854193979 | ||
| 050 |
_aDA 867.5 _b.T727 1993 |
||
| 082 |
_aREF 910.2 _bT55 1993 |
||
| 245 |
_aTouring guide to Scotland / _cLibby Anderson, editor. |
||
| 260 |
_aScotland : _bScottish Tourist Board, _c1993. |
||
| 300 |
_a272 p. _c25 cm. |
||
| 521 | _a | ||
| 541 | _j1 | ||
| 562 | _e1 | ||
| 942 |
_2lcc _cBK-GR _kREF |
||
| 999 |
_c3713 _d3713 |
||